世說新語箋疏
| 資料類型: | 圖書 | 書目號: | 51946 |
Leader xxxxxxxxxx 001 __ PCLIS00051946 005 __ 20180326154143.43 010 0_ |a|b精裝|dNT$300 020 __ |acw|b82005151 100 __ |a20180326d2018 0chib0109 e 101 0_ |achi 102 __ |acw 105 __ |aa z 000yy 200 1_ |a世說新語箋疏|e|f余嘉錫撰|g 205 __ |a 210 __ |a臺北市|c華正書局|d民73年9月 215 0_ |a933,138面|c|d公分 225 1_ |a|v 300 __ |a 681 __ |a823.31|b 700 __ |a|b|4 702 _1 |a|b|4 801 __ |acw|b本館|c20180326 |